000 00485nam a2200193Ia 4500
008 131103s9999 xx 000 0 und d
020 _cRs.30.00
040 _aLoreto College
041 _aEnglish
082 _a891.44B/ATI-ALI
_bLCBED/14908
100 _aAli, Akram
245 _aAtish Dipankar
_cAkram Ali
260 _aKolkata
_bPapirus
_c2004
300 _a68p.
_c 18cm.
650 _aAtish Dipankar
651 _aBiography
850 _aLCBED/891.44B/ATI-ALI
942 _cBK
999 _c38205
_d88684